Chema Cobo (Record no. 2513)

MARC details
000 - LÍDER
campo de control de longitud fija 00990nam a2200205Ia 4500
008 - ELEMENTOS DE DATOS DE LONGITUD FIJA - INFORMACIÓN GENERAL
campo de control de longitud fija 0000001985 it a 0000000000ita00
090 ## - NÚMERO DE LLAMADA DE TIPO LC LOCALMENTE ASIGNADO (OCLC)
Número de clasificación (OCLC) (R) PSP00 C61c
100 1# - ENTRADA PRINCIPAL - NOMBRE PERSONAL
Nombre de la persona Cobo, Chema
Fechas asociadas a un nombre 1952
245 10 - TÍTULO DECLARACIÓN
Título Chema Cobo
Declaración de responsabilidad / recent paintings and prints = pittura e grafica recente
-- / fotografías M. Rojas, Tom Van Eynde ; traduzioni Pay Duffy, Carolina Vincelli, Josephine Bregazzi
260 ## - PUBLICACIÓN, DISTRIBUCIÓN
Lugar de publicación Roma : Il Ponte
Fecha de publicación 1985
300 ## - DESCRIPCIÓN FÍSICA
Alcance 39 p.
Dimensiones / 28 cm.
500 ## - NOTA GENERAL
Nota general Exposición realizada en Galería Il Ponte, Roma, Abril 18 Mayo 18, 1985 \ Texto bilingue : italiano e inglés \ Con el patronazgo del maestro venezolano Jesús Rafael Soto (q.e.p.d.)
600 00 - ENTRADA DE SUJETO AÑADIDO - NOMBRE PERSONAL
Nombre de la persona COBO, CHEMA, 1952 /
Subdivisión general TRABAJOS PICTORICOS
650 14 - ENTRADA DE SUJETO AÑADIDO - TÉRMINO TÓPICO
Término tópico o elemento de entrada del nombre geográfico ARTE CONTEMPORANEO ESPAÑOL
650 14 - ENTRADA DE SUJETO AÑADIDO - TÉRMINO TÓPICO
Subdivisión general CATALOGOS
650 14 - ENTRADA DE SUJETO AÑADIDO - TÉRMINO TÓPICO
Subdivisión general EXPOSICIONES
650 14 - ENTRADA DE SUJETO AÑADIDO - TÉRMINO TÓPICO
Término tópico o elemento de entrada del nombre geográfico GRABADOS ESPAÑOLES
650 14 - ENTRADA DE SUJETO AÑADIDO - TÉRMINO TÓPICO
Término tópico o elemento de entrada del nombre geográfico PINTURA ESPAÑOLA
700 1# - ENTRADA AGREGADA - NOMBRE PERSONAL
Nombre de la persona Rojas, M. \ Van Eynde, Tom \ Duffy, Pay, tr. \ Vincelli, Carolina, tr. \ Bregazzi, Josephine, tr.
Holdings
Estado de retirada Pérdida de estatus Estado dañado No para préstamo Código de recogida Ubicación permanente Ubicación actual Ubicación de las estanterías Fecha de adquisición Número de llamada completo Código de barras Fecha de la última vez que se vio Número de copia Precio efectivo desde Tipo de artículo Koha
        General ArtNexus ArtNexus General 06/09/2022 P-SP-00 C61C 2514 06/09/2022 Ej.1 06/09/2022 Libro

Powered by Koha